Jesus Christ: Sri Lankan Expressions (Record no. 20931)

MARC details
000 -LEADER
fixed length control field 00374nam a22001337a 4500
020 ## - INTERNATIONAL STANDARD BOOK NUMBER
ISBN 978-955-8387-04-7
082 ## - DEWEY DECIMAL CLASSIFICATION NUMBER
Classification number 232 NAT C1
100 ## - MAIN ENTRY--AUTHOR NAME
Author name The National Christian Council of Sri Lanka
245 ## - TITLE STATEMENT
Title Jesus Christ: Sri Lankan Expressions
260 ## - PUBLICATION, DISTRIBUTION, ETC. (IMPRINT)
Place of publication Sri Lanka
Name of publisher The National Christian Council of Sri Lanka
Year of publication 2014
300 ## - PHYSICAL DESCRIPTION
Number of Pages 114
650 ## - SUBJECT ADDED ENTRY--TOPICAL TERM
Topical Term Jesus Christ
942 ## - ADDED ENTRY ELEMENTS (KOHA)
Koha item type Books
Holdings
Home library Current library Shelving location Date acquired Full call number Accession Number Koha item type
Henry Martyn Institute Library Henry Martyn Institute Library General stacks 04/17/2018 232 NAT C1 11003209 Books
Henry Martyn Institute Library Henry Martyn Institute Library   04/17/2018 232 NAT C2 11003210 Books
                   Copyright © 2026 | Henry Martyn Institute | Hyderabad | TS-500052 | INDIA | Implemented by hmi.edu.in
Hit-Count:

Powered by Koha